[Event "Campeonato de España por Equip"]
[Site "Granada, Hotel Corona de Grana"]
[Date "2010.08.06"]
[Round "4"]
[White "BIEDMA MARTIN, Enrique"]
[Black "ANTON GUIJARRO, David"]
[Result "1-0"]
[WhiteElo "2265"]
[BlackElo "2397"]
[PlyCount "61"]
[EventDate "2010.08.04"]
[EventType "team"]
[EventRounds "6"]
[EventCountry "ESP"]
[WhiteTeam "C.A. La Merced de Huelva"]
[BlackTeam "VT Ingenieria-Virgen de Atocha"]

1. d4 Nf6 2. Nf3 d5 3. c4 e6 4. Nc3 c6 5. e3 Nbd7 6. Qc2 Bd6 7. b3 O-O 8. Be2
e5 9. cxd5 cxd5 10. Nb5 Bb4+ 11. Bd2 Bxd2+ 12. Nxd2 a6 13. dxe5 Nxe5 14. Nd4
Bg4 15. Bxg4 Nfxg4 16. O-O Rc8 17. Qb1 Qa5 18. N2f3 Nxf3+ 19. Nxf3 Nf6 20. Qb2
Rc7 21. Rac1 Rfc8 22. Rxc7 Qxc7 23. h3 Qc2 24. Qa1 Qc3 25. Nd4 Nd7 26. Qd1 g6
27. Qf3 Qc5 28. Rd1 Ne5 29. Qf6 Nc6 30. Ne6 fxe6 31. Qxe6+ 1-0

[Event "Campeonato de España por Equip"]
[Site "Granada, Hotel Corona de Grana"]
[Date "2010.08.06"]
[Round "4"]
[White "RABADAN VELASCO, Raul"]
[Black "ROMERO SANCHEZ, Jesus"]
[Result "1-0"]
[WhiteElo "2359"]
[BlackElo "2160"]
[PlyCount "73"]
[EventDate "2010.08.04"]
[EventType "team"]
[EventRounds "6"]
[EventCountry "ESP"]
[WhiteTeam "VT Ingenieria-Virgen de Atocha"]
[BlackTeam "C.A. La Merced de Huelva"]

1. e4 c5 2. Nc3 a6 3. Nf3 b5 4. d4 cxd4 5. Nxd4 Bb7 6. Bd3 Nc6 7. Be3 e6 8. O-O
Qc7 9. Kh1 Nf6 10. Qe2 Ne5 11. f4 Ng6 12. a3 d6 13. f5 exf5 14. Nxf5 Ne5 15.
Rad1 Bc6 16. Bg5 Nfd7 17. Qf2 f6 18. Bc1 Nb6 19. Be2 Bd7 20. Be3 Nbc4 21. Nd5
Qb8 22. Bd4 Bxf5 23. Qxf5 Qc8 24. Qh5+ Ng6 25. Bxc4 Qxc4 26. Nb6 Qc6 27. Nxa8
Qxa8 28. Qf5 Be7 29. Qe6 Nf8 30. Qb3 h5 31. e5 h4 32. exf6 gxf6 33. Bxf6 h3 34.
Rd2 hxg2+ 35. Rxg2 Rh7 36. Bxe7 Rxe7 37. Rxf8+ 1-0

[Event "Campeonato de España por Equip"]
[Site "Granada, Hotel Corona de Grana"]
[Date "2010.08.06"]
[Round "4"]
[White "GOMEZ REBOLLO, Alfonso Carlos"]
[Black "RUBIO MEJIA, Luis Ignacio"]
[Result "1/2-1/2"]
[WhiteElo "2164"]
[BlackElo "2354"]
[PlyCount "88"]
[EventDate "2010.08.04"]
[EventType "team"]
[EventRounds "6"]
[EventCountry "ESP"]
[WhiteTeam "C.A. La Merced de Huelva"]
[BlackTeam "VT Ingenieria-Virgen de Atocha"]

1. d4 Nf6 2. Nf3 e6 3. e3 c5 4. Bd3 b6 5. O-O Bb7 6. c4 g6 7. Nc3 Bg7 8. d5
exd5 9. cxd5 Nxd5 10. Nxd5 Bxd5 11. Bxg6 hxg6 12. Qxd5 Nc6 13. Rd1 Rh5 14. Qd3
d5 15. a4 Kf8 16. Ra3 Qc7 17. h3 Re8 18. Qb5 d4 19. Bd2 Rd5 20. exd4 Nxd4 21.
Nxd4 Rxd4 22. Re1 Rxe1+ 23. Bxe1 Qd6 24. Re3 Bf6 25. g3 Kg7 26. Kh2 Qd5 27. Qe8
Rd1 28. b3 Bd4 29. Re4 Qxb3 30. Rh4 g5 31. Qh8+ Kg6 32. Rh6+ Kf5 33. Qh7+ Ke5
34. Qg7+ Ke4 35. Qh7+ f5 36. Qe7+ Kd3 37. Re6 Qd5 38. Qf7 Qf3 39. Qe7 f4 40.
Qh7+ Kc4 41. Qc2+ Kd5 42. Qf5+ Kc4 43. Qc2+ Kd5 44. Qf5+ Kc4 1/2-1/2

[Event "Campeonato de España por Equip"]
[Site "Granada, Hotel Corona de Grana"]
[Date "2010.08.06"]
[Round "4"]
[White "CARBONELL BOFILL, Carlos Eloy"]
[Black "NARANJO MORENO, Antonio"]
[Result "1-0"]
[WhiteElo "2233"]
[BlackElo "2290"]
[PlyCount "115"]
[EventDate "2010.08.04"]
[EventType "team"]
[EventRounds "6"]
[EventCountry "ESP"]
[WhiteTeam "Main Memory Silla B"]
[BlackTeam "C.A. Laurus Ronda"]

1. Nf3 Nf6 2. d4 g6 3. Bf4 Bg7 4. e3 O-O 5. h3 d6 6. Nc3 Nbd7 7. Bc4 c6 8. a4
Qe8 9. O-O e5 10. dxe5 dxe5 11. Bh2 Qe7 12. Qd2 h6 13. Rfd1 a5 14. Qd6 Qxd6 15.
Rxd6 Re8 16. g4 Re7 17. Kf1 Ne8 18. Rd2 Nb6 19. Bb3 e4 20. Ng1 Be6 21. Bxe6
Rxe6 22. Nge2 Nf6 23. Rad1 Nc4 24. Rd8+ Rxd8 25. Rxd8+ Re8 26. Rxe8+ Nxe8 27.
b3 Na3 28. Nxe4 Nxc2 29. Nc5 b6 30. Nd7 Na1 31. Nc1 b5 32. Ke2 Nc2 33. Nd3 Nf6
34. Nb8 Nd5 35. Be5 Ncb4 36. Nxb4 axb4 37. Bxg7 Kxg7 38. a5 c5 39. Kd3 Nc7 40.
a6 Kf6 41. a7 Ke6 42. Na6 Na8 43. Nxc5+ Kd5 44. Na6 Kc6 45. Nxb4+ Kc5 46. Kc3
h5 47. Nd3+ Kb6 48. Ne5 hxg4 49. hxg4 f5 50. g5 Kxa7 51. Nxg6 Nc7 52. Ne7 Ne6
53. g6 Ng7 54. Kd4 Kb6 55. Ke5 Kc5 56. Nxf5 Nh5 57. Nd4 Kb4 58. f4 1-0

[Event "Campeonato de España por Equip"]
[Site "Granada, Hotel Corona de Grana"]
[Date "2010.08.06"]
[Round "4"]
[White "CLAROS EGEA, Christian"]
[Black "GIMENO HIGUERAS, Roberto"]
[Result "1/2-1/2"]
[WhiteElo "2261"]
[BlackElo "2183"]
[PlyCount "81"]
[EventDate "2010.08.04"]
[EventType "team"]
[EventRounds "6"]
[EventCountry "ESP"]
[WhiteTeam "C.A. Laurus Ronda"]
[BlackTeam "Main Memory Silla B"]

1. e4 e5 2. Nf3 Nf6 3. Nxe5 d6 4. Nf3 Nxe4 5. Nc3 Nxc3 6. dxc3 Be7 7. Bc4 O-O
8. O-O Bg4 9. h3 Bh5 10. Qd5 Bxf3 11. Qxf3 c6 12. Rd1 Nd7 13. Bf4 Qb6 14. Re1
Ne5 15. Bxe5 dxe5 16. b3 Bf6 17. Bd3 Qd8 18. Kh1 g6 19. Rad1 Qe7 20. a4 Bg7 21.
a5 a6 22. Bc4 Kh8 23. Re2 f5 24. Red2 Rad8 25. Qe3 e4 26. f3 Rxd2 27. Rxd2 Rd8
28. Rxd8+ Qxd8 29. fxe4 Qd1+ 30. Qg1 Qxc2 31. exf5 Qxf5 32. Qe3 Be5 33. g4 Qb1+
34. Kg2 Qc2+ 35. Qf2 Qxf2+ 36. Kxf2 Bxc3 37. Be6 Bxa5 38. Bc8 b5 39. Bxa6 Kg7
40. Bb7 c5 41. Ba6 1/2-1/2

[Event "Campeonato de España por Equip"]
[Site "Granada, Hotel Corona de Grana"]
[Date "2010.08.06"]
[Round "4"]
[White "NAVARRO LOPEZ-MENCHERO, Daniel"]
[Black "GAVILAN DIAZ, Mario"]
[Result "1-0"]
[WhiteElo "2115"]
[BlackElo "2239"]
[PlyCount "135"]
[EventDate "2010.08.04"]
[EventType "team"]
[EventRounds "6"]
[EventCountry "ESP"]
[WhiteTeam "Main Memory Silla B"]
[BlackTeam "C.A. Laurus Ronda"]

1. e4 e6 2. d4 d5 3. e5 c5 4. Qg4 cxd4 5. Nf3 Nc6 6. Bd3 Nge7 7. O-O Ng6 8. Re1
Be7 9. Nbd2 Nb4 10. Nxd4 Nxd3 11. cxd3 Qb6 12. N2b3 a5 13. Nf3 a4 14. Nbd4 O-O
15. Rb1 Qa6 16. Rd1 f6 17. Bf4 Qb6 18. Qg3 fxe5 19. Bxe5 Nxe5 20. Qxe5 Bd6 21.
Qe3 Bf4 22. Qe1 e5 23. Ne2 Bg4 24. Nxf4 exf4 25. d4 Bxf3 26. gxf3 Rae8 27. Qd2
Qg6+ 28. Kh1 Qh5 29. Qd3 Re6 30. Rg1 Rfe8 31. Rg4 R8e7 32. Kg2 Rh6 33. h4 Rf6
34. Rc1 g6 35. Qa3 Ref7 36. Qxa4 Qf5 37. Qb5 Qd7 38. Qxd7 Rxd7 39. Rc5 Rb6 40.
b3 Ra6 41. a4 Rb6 42. Rc3 Rf7 43. Rg5 Rd7 44. Kh3 Re6 45. Rc5 Rb6 46. Rgxd5
Rxd5 47. Rxd5 Rxb3 48. Kg4 Rb2 49. Kxf4 Kg7 50. Rb5 Rxf2 51. Rxb7+ Kf6 52. Rxh7
Ra2 53. Ra7 Rh2 54. Kg3 Rd2 55. a5 Rxd4 56. Ra8 Ra4 57. a6 Ra1 58. a7 Kg7 59.
f4 Ra3+ 60. Kg4 Ra4 61. h5 gxh5+ 62. Kxh5 Kh7 63. f5 Ra5 64. Kg4 Ra4+ 65. Kg5
Ra5 66. Kf6 Ra6+ 67. Ke7 Kg7 68. f6+ 1-0

[Event "Campeonato de España por Equip"]
[Site "Granada, Hotel Corona de Grana"]
[Date "2010.08.06"]
[Round "4"]
[White "LOPEZ GONZALEZ, Daniel"]
[Black "ZARAGOZA MONTESINOS, Ignasi"]
[Result "1-0"]
[WhiteElo "2221"]
[BlackElo "2031"]
[PlyCount "51"]
[EventDate "2010.08.04"]
[EventType "team"]
[EventRounds "6"]
[EventCountry "ESP"]
[WhiteTeam "C.A. Laurus Ronda"]
[BlackTeam "Main Memory Silla B"]

1. d4 d5 2. c4 Bf5 3. cxd5 Bxb1 4. Qa4+ c6 5. Rxb1 Qxd5 6. Nf3 Nf6 7. a3 e6 8.
e3 Nbd7 9. Qc2 Nb6 10. Bd3 g6 11. O-O Bg7 12. Bd2 O-O 13. b4 Rad8 14. Rfc1 Nfd7
15. a4 Qh5 16. a5 Nd5 17. a6 b6 18. Qxc6 N7f6 19. e4 Ne7 20. Qb7 Nc8 21. Bg5 h6
22. Bxf6 Bxf6 23. e5 Bg5 24. Rc7 Bf4 25. g3 Qg4 26. Qe4 1-0

[Event "Campeonato de España por Equip"]
[Site "Granada, Hotel Corona de Grana"]
[Date "2010.08.07"]
[Round "5"]
[White "CAMACHO COLLADOS, Jose"]
[Black "GARCIA ROMAN, Daniel"]
[Result "1/2-1/2"]
[WhiteElo "2394"]
[BlackElo "2411"]
[PlyCount "115"]
[EventDate "2010.08.04"]
[EventType "team"]
[EventRounds "6"]
[EventCountry "ESP"]
[WhiteTeam "C.A. Motril"]
[BlackTeam "C.A. Mislata"]

1. g3 c5 2. Bg2 Nc6 3. c4 g6 4. Nf3 Bg7 5. O-O Nf6 6. d4 cxd4 7. Nxd4 O-O 8.
Nc3 Nxd4 9. Qxd4 d6 10. Qd3 Be6 11. Bxb7 Rb8 12. Bf3 Qa5 13. Nd5 Nxd5 14. cxd5
Bf5 15. Qe3 Qc7 16. Qd2 Qc4 17. Re1 Rfc8 18. e4 Bd7 19. Qe2 Bb5 20. Qxc4 Bxc4
21. Be2 Bd4 22. Bxc4 Rxc4 23. Re2 Rbc8 24. Be3 Bxe3 25. Rxe3 Rc2 26. Ra3 Rxb2
27. Rxa7 Rcc2 28. Rf1 Kf8 29. Kg2 Rxa2 30. Rxa2 Rxa2 31. g4 f5 32. gxf5 gxf5
33. Kf3 Ra3+ 34. Kf4 fxe4 35. Kxe4 Rh3 36. Rh1 Kf7 37. f3 Kf6 38. f4 h6 39. Kd4
h5 40. Ke4 h4 41. Kd4 Rf3 42. Ke4 Rf2 43. h3 Re2+ 44. Kf3 Rd2 45. Ke4 Ra2 46.
Re1 Ra4+ 47. Kf3 Rd4 48. Re6+ Kf5 49. Rxe7 Rd3+ 50. Ke2 Rxh3 51. Re6 Ra3 52.
Rxd6 h3 53. Kf2 Kxf4 54. Rh6 Rd3 55. Kg1 Kg3 56. Rg6+ Kh4 57. Rh6+ Kg5 58. Rh8
1/2-1/2

[Event "Campeonato de España por Equip"]
[Site "Granada, Hotel Corona de Grana"]
[Date "2010.08.07"]
[Round "5"]
[White "VASSALLO BARROCHE, Mauricio"]
[Black "CAMACHO COLLADOS, Marcos"]
[Result "1/2-1/2"]
[WhiteElo "2432"]
[BlackElo "2292"]
[PlyCount "59"]
[EventDate "2010.08.04"]
[EventType "team"]
[EventRounds "6"]
[EventCountry "ESP"]
[WhiteTeam "C.A. Mislata"]
[BlackTeam "C.A. Motril"]

1. d4 Nf6 2. Nf3 g6 3. Nc3 d5 4. Bf4 Bg7 5. e3 O-O 6. Be2 c6 7. h4 Qb6 8. Rb1
Nbd7 9. Ne5 h5 10. b4 Qd8 11. b5 Nxe5 12. Bxe5 Qa5 13. Qd2 Bd7 14. bxc6 Bxc6
15. O-O Rac8 16. Rfd1 a6 17. Bxf6 exf6 18. Bd3 f5 19. Ne2 Qd8 20. g3 Re8 21.
Nf4 Bh6 22. Kg2 Qf6 23. Rh1 Qd6 24. Qa5 Rc7 25. Rb6 Rec8 26. Rhb1 Qd8 27. R6b2
Qd7 28. Rb6 Qd8 29. R6b2 Qd7 30. Rb6 1/2-1/2

[Event "Campeonato de España por Equip"]
[Site "Granada, Hotel Corona de Grana"]
[Date "2010.08.07"]
[Round "5"]
[White "FERNANDEZ MONTORO, Jorge"]
[Black "SANCHEZ ROMERO, Miquel Angel"]
[Result "1/2-1/2"]
[WhiteElo "2230"]
[BlackElo "2212"]
[PlyCount "70"]
[EventDate "2010.08.04"]
[EventType "team"]
[EventRounds "6"]
[EventCountry "ESP"]
[WhiteTeam "C.A. Motril"]
[BlackTeam "C.A. Mislata"]

1. e4 e5 2. Nf3 Nc6 3. Bb5 Nf6 4. O-O Bc5 5. c3 Bb6 6. d4 O-O 7. Bg5 h6 8. Bxf6
Qxf6 9. Bxc6 Qxc6 10. dxe5 Qxe4 11. Re1 Qf4 12. g3 Qg4 13. Nbd2 d5 14. exd6
cxd6 15. Re4 Qh5 16. Nd4 Qg6 17. Qa4 d5 18. Re3 Qd6 19. N2f3 Bd7 20. Qb3 Rfe8
21. Rae1 Rxe3 22. Rxe3 Re8 23. Rxe8+ Bxe8 24. Nf5 Qc5 25. N3d4 Bc6 26. Qd1 Bd7
27. Qe2 Bxf5 28. Nxf5 Kf8 29. Kg2 a5 30. h4 h5 31. Nd4 Qc4 32. Qe5 Bxd4 33.
cxd4 g6 34. b3 Qc6 35. Qg5 Qe6 1/2-1/2

[Event "Campeonato de España por Equip"]
[Site "Granada, Hotel Corona de Grana"]
[Date "2010.08.07"]
[Round "5"]
[White "BARRERO GARCIA, Carlos"]
[Black "ESPINOSA ARANDA, Angel"]
[Result "1-0"]
[WhiteElo "2406"]
[BlackElo "2397"]
[PlyCount "47"]
[EventDate "2010.08.04"]
[EventType "team"]
[EventRounds "6"]
[EventCountry "ESP"]
[WhiteTeam "C.A. La Merced de Huelva"]
[BlackTeam "C.D.E. Almagro"]

1. d4 d5 2. c4 c6 3. Nc3 Nf6 4. Nf3 dxc4 5. a4 e6 6. e3 c5 7. Bxc4 Nc6 8. O-O
Be7 9. Qe2 cxd4 10. Rd1 O-O 11. exd4 Nb4 12. Bg5 h6 13. Bd2 Bd7 14. Ne5 Bc6 15.
Rac1 Nbd5 16. Bd3 Nxc3 17. Rxc3 Qd5 18. Nxc6 bxc6 19. Bc4 Qd7 20. Bxh6 gxh6 21.
Qd2 Ne4 22. Qxh6 Bg5 23. Rg3 f6 24. Qg6+ 1-0

[Event "Campeonato de España por Equip"]
[Site "Granada, Hotel Corona de Grana"]
[Date "2010.08.07"]
[Round "5"]
[White "FERNANDEZ BARRERA, Victor"]
[Black "BIEDMA MARTIN, Enrique"]
[Result "0-1"]
[WhiteElo "2326"]
[BlackElo "2265"]
[PlyCount "86"]
[EventDate "2010.08.04"]
[EventType "team"]
[EventRounds "6"]
[EventCountry "ESP"]
[WhiteTeam "C.D.E. Almagro"]
[BlackTeam "C.A. La Merced de Huelva"]

1. e4 e5 2. Nf3 Nc6 3. d4 exd4 4. Nxd4 d6 5. Bb5 Bd7 6. Bxc6 bxc6 7. O-O Nf6 8.
Nc3 Be7 9. Re1 O-O 10. Bg5 h6 11. Bh4 Rb8 12. b3 Re8 13. Qf3 Nh7 14. Bxe7 Qxe7
15. Rad1 Qe5 16. Qd3 Qa5 17. Re3 Nf8 18. Rg3 c5 19. Nf5 Bxf5 20. exf5 Nd7 21.
Qf3 Nf6 22. h3 Re5 23. Qd3 Qb4 24. Qd2 Kf8 25. Rf3 Rbe8 26. Rf4 Qb7 27. Qd3 Qc8
28. Kh2 Kg8 29. Rd2 d5 30. Re2 Rxe2 31. Nxe2 Qd7 32. Ng3 Qd6 33. Qf3 Re1 34.
Ra4 a6 35. Qd3 h5 36. Rxa6 Qe5 37. Ra4 c4 38. bxc4 h4 39. cxd5 hxg3+ 40. fxg3
Qa1 41. g4 Qe5+ 42. g3 Re3 43. Qf1 Qxg3+ 0-1

[Event "Campeonato de España por Equip"]
[Site "Granada, Hotel Corona de Grana"]
[Date "2010.08.07"]
[Round "5"]
[White "GOMEZ REBOLLO, Alfonso Carlos"]
[Black "GARCIA MORAL GARCIA, Jose Danie"]
[Result "1/2-1/2"]
[WhiteElo "2164"]
[BlackElo "2304"]
[PlyCount "79"]
[EventDate "2010.08.04"]
[EventType "team"]
[EventRounds "6"]
[EventCountry "ESP"]
[WhiteTeam "C.A. La Merced de Huelva"]
[BlackTeam "C.D.E. Almagro"]

1. d4 Nf6 2. c4 g6 3. Nc3 Bg7 4. e4 d6 5. f4 O-O 6. Nf3 c5 7. d5 e6 8. dxe6
fxe6 9. Bd3 Nc6 10. O-O Nd4 11. Nxd4 cxd4 12. Nb5 e5 13. Qb3 Be6 14. Qb4 Ne8
15. f5 Bf7 16. Bd2 a6 17. Na3 Nf6 18. Rae1 Qc7 19. b3 Rae8 20. Nc2 gxf5 21.
Rxf5 Bg6 22. Rff1 Qc6 23. Qa3 Nxe4 24. Rxf8+ Rxf8 25. Bxe4 Bxe4 26. Nb4 Qe8 27.
Rxe4 Qf7 28. h3 Qf2+ 29. Kh2 Qxd2 30. Nd5 Qh6 31. Qb4 d3 32. Qe1 Kh8 33. Qd1 d2
34. Re2 e4 35. Qxd2 Be5+ 36. Kg1 Qg7 37. Qe1 Bg3 38. Qc3 Be5 39. Qe1 Bg3 40.
Qc3 1/2-1/2

[Event "Campeonato de España por Equip"]
[Site "Granada, Hotel Corona de Grana"]
[Date "2010.08.07"]
[Round "5"]
[White "RAMIREZ DIAZ, Jose Ramon"]
[Black "HERNANDEZ MUNOZ, Antonio Ramon"]
[Result "1-0"]
[WhiteElo "2152"]
[BlackElo "2108"]
[PlyCount "135"]
[EventDate "2010.08.04"]
[EventType "team"]
[EventRounds "6"]
[EventCountry "ESP"]
[WhiteTeam "C.D.E. Almagro"]
[BlackTeam "C.A. La Merced de Huelva"]

1. e4 c5 2. Nf3 e6 3. d4 cxd4 4. Nxd4 Qb6 5. Nb3 Qc7 6. Nc3 a6 7. Be2 b5 8. a3
Bb7 9. O-O Nf6 10. Bf3 Nc6 11. g3 Ne5 12. Bg2 Nc4 13. Qd4 Be7 14. Re1 d6 15.
Nd2 Nb6 16. Nf1 O-O 17. Ne3 Rfe8 18. Qd1 Rad8 19. Ng4 Nfd7 20. h4 d5 21. exd5
Nxd5 22. Nxd5 Bxd5 23. Bxd5 Nb6 24. Nh6+ gxh6 25. Qg4+ Kh8 26. Bb3 Rg8 27. Qf3
Bxh4 28. Bf4 Qe7 29. Bxh6 Rg6 30. Bf4 Nd5 31. Bxd5 Rxd5 32. Qxd5 exd5 33. Rxe7
Bxe7 34. Rd1 Bd6 35. Be3 Be5 36. c3 Rd6 37. Kf1 Kg7 38. Ke2 Kg6 39. Kd3 Bg7 40.
Bd4 f6 41. Re1 Kf7 42. g4 Rd7 43. Rh1 Kg6 44. Rh5 Rd6 45. Rf5 Kf7 46. Be3 Rd7
47. Kd4 Ke6 48. Kc5 Bf8+ 49. Kb6 Rd6+ 50. Ka5 Rc6 51. Bd4 Be7 52. Rh5 Bd8+ 53.
Kb4 Rc7 54. Rh6 Rg7 55. f3 Rc7 56. g5 Rf7 57. gxf6 Bxf6 58. Kc5 Kf5 59. Kxd5
Bxd4 60. cxd4 Rd7+ 61. Kc5 Rc7+ 62. Kb6 Rf7 63. d5 Ke5 64. d6 Rd7 65. Kc6 Rd8
66. Kc7 Rg8 67. d7 Rg7 68. Kc8 1-0

[Event "Campeonato de España por Equip"]
[Site "Granada, Hotel Corona de Grana"]
[Date "2010.08.07"]
[Round "5"]
[White "SCAVO, Fernando"]
[Black "VALLES MORENO, Ivan"]
[Result "0-1"]
[WhiteElo "2265"]
[BlackElo "2394"]
[PlyCount "74"]
[EventDate "2010.08.04"]
[EventType "team"]
[EventRounds "6"]
[EventCountry "ESP"]
[WhiteTeam "C.D. Cruz Roja Linares"]
[BlackTeam "C.A. Amigos del Retiro"]

1. d4 f5 2. Bf4 Nf6 3. e3 g6 4. Nf3 Bg7 5. h3 O-O 6. Be2 d6 7. O-O Nc6 8. Bh2
Qe8 9. c4 h6 10. Nc3 g5 11. d5 Nd8 12. Nd4 c5 13. dxc6 Nxc6 14. Ncb5 Qd8 15.
Nxc6 bxc6 16. Nd4 Bd7 17. Qc2 Ne8 18. Rac1 e5 19. Nb3 a5 20. Rfd1 Qe7 21. Qd2
a4 22. Na1 Be6 23. Nc2 Rd8 24. Qb4 c5 25. Qxa4 Nf6 26. b4 Ne4 27. Qb3 g4 28.
Bd3 gxh3 29. Bxe4 fxe4 30. Ne1 hxg2 31. Rd2 cxb4 32. Qxb4 Rf5 33. Bg3 Rh5 34.
c5 d5 35. a3 Qf7 36. Bh2 Qf5 37. Qb6 Rf8 0-1

[Event "Campeonato de España por Equip"]
[Site "Granada, Hotel Corona de Grana"]
[Date "2010.08.07"]
[Round "5"]
[White "VALLEJO DIAZ, Javier"]
[Black "RUIZ SANCHEZ, Andres"]
[Result "1-0"]
[WhiteElo "2339"]
[BlackElo "2172"]
[PlyCount "61"]
[EventDate "2010.08.04"]
[EventType "team"]
[EventRounds "6"]
[EventCountry "ESP"]
[WhiteTeam "C.A. Amigos del Retiro"]
[BlackTeam "C.D. Cruz Roja Linares"]

1. e4 e6 2. d4 d5 3. Nd2 Nf6 4. e5 Nfd7 5. f4 c5 6. c3 Be7 7. Ndf3 b6 8. Nh3
Ba6 9. Bxa6 Nxa6 10. f5 exf5 11. Qd3 Qc8 12. Qxf5 Nf8 13. Qd3 c4 14. Qc2 h6 15.
Qa4+ Nd7 16. Nf4 Qb7 17. e6 fxe6 18. Nxe6 Kf7 19. Nf4 g5 20. Nh5 Rhf8 21. Qc2
Qc6 22. Qh7+ Ke8 23. O-O Kd8 24. Bd2 Nc7 25. Rae1 Bd6 26. Kh1 Kc8 27. Ng7 g4
28. Nh4 Nf6 29. Qxh6 Ne4 30. Rxf8+ Kb7 31. Rxa8 1-0

[Event "Campeonato de España por Equip"]
[Site "Granada, Hotel Corona de Grana"]
[Date "2010.08.07"]
[Round "5"]
[White "RUIZ SANCHEZ, Miguel Angel"]
[Black "FERNANDEZ GARCIA, Miguel Angel"]
[Result "0-1"]
[WhiteElo "2225"]
[BlackElo "2293"]
[PlyCount "70"]
[EventDate "2010.08.04"]
[EventType "team"]
[EventRounds "6"]
[EventCountry "ESP"]
[WhiteTeam "C.D. Cruz Roja Linares"]
[BlackTeam "C.A. Amigos del Retiro"]

1. d4 Nf6 2. Bf4 e6 3. e3 b6 4. Nf3 Bb7 5. Nbd2 d6 6. h3 Nbd7 7. Bd3 Qe7 8. Bb5
c6 9. Be2 d5 10. O-O g6 11. c4 Bg7 12. c5 bxc5 13. Nb3 cxd4 14. exd4 Rc8 15.
Na5 Nb6 16. Qb3 O-O 17. a4 Ba8 18. Ba6 Nfd7 19. Bxc8 Rxc8 20. Rac1 c5 21. Qa3
Bf8 22. dxc5 Rxc5 23. Rxc5 Nxc5 24. b3 Qf6 25. Be5 Qf5 26. Qa1 d4 27. Qxd4 Bxf3
28. gxf3 Ncd7 29. Nc6 Nd5 30. Bg3 Qxf3 31. Qd1 Qc3 32. Nd4 Bc5 33. Nb5 Qxg3+
34. Kh1 Qxh3+ 35. Kg1 Nf4 0-1

[Event "Campeonato de España por Equip"]
[Site "Granada, Hotel Corona de Grana"]
[Date "2010.08.07"]
[Round "5"]
[White "PAREDES SANCHEZ, Juan"]
[Black "GALVEZ EXTREMERA, Francisco"]
[Result "1-0"]
[WhiteElo "2208"]
[BlackElo "2138"]
[PlyCount "133"]
[EventDate "2010.08.04"]
[EventType "team"]
[EventRounds "6"]
[EventCountry "ESP"]
[WhiteTeam "C.A. Amigos del Retiro"]
[BlackTeam "C.D. Cruz Roja Linares"]

1. e4 c5 2. Nf3 d6 3. d4 cxd4 4. Nxd4 Nf6 5. Nc3 g6 6. Be3 Bg7 7. f3 O-O 8. Qd2
Nc6 9. Bc4 Bd7 10. O-O-O Ne5 11. Bb3 Qa5 12. Kb1 Rfc8 13. g4 Rxc3 14. Qxc3 Qxc3
15. bxc3 Rc8 16. Kb2 a5 17. a3 b5 18. Rhf1 e6 19. Ne2 a4 20. Ba2 d5 21. g5 Ne8
22. f4 Nc4+ 23. Bxc4 Rxc4 24. exd5 Re4 25. Rd3 Nd6 26. dxe6 Rxe6 27. Bc5 Nc4+
28. Kc1 Rxe2 29. Rxd7 h5 30. Rf2 Re1+ 31. Rd1 Rxd1+ 32. Kxd1 Bxc3 33. Rf3 b4
34. Bxb4 Bxb4 35. axb4 a3 36. Ke2 a2 37. Rf1 Na3 38. Ra1 Nxc2 39. Rxa2 Nxb4 40.
Rd2 Nc6 41. f5 gxf5 42. Ke3 Kg7 43. Kf4 Ne7 44. Rd7 Ng6+ 45. Kxf5 Nh4+ 46. Kf4
Ng6+ 47. Ke4 Nf8 48. Rd6 Ng6 49. Ra6 Kh7 50. Rb6 Kg7 51. Rf6 Kg8 52. Rf3 Kg7
53. Rh3 Ne7 54. Kf4 Kg6 55. Rd3 Nf5 56. Rd5 Ng7 57. h4 Ne6+ 58. Ke5 Nf8 59.
Rd6+ Kg7 60. Kf5 Ng6 61. Rxg6+ fxg6+ 62. Ke6 Kg8 63. Kf6 Kh7 64. Kf7 Kh8 65.
Kxg6 Kg8 66. Kxh5 Kh7 67. g6+ 1-0

[Event "Campeonato de España por Equip"]
[Site "Granada, Hotel Corona de Grana"]
[Date "2010.08.07"]
[Round "5"]
[White "TRUJILLO ALVARADO, Ivan"]
[Black "BOLADO SAEZ, Sergio"]
[Result "0-1"]
[WhiteElo "2196"]
[BlackElo "2308"]
[PlyCount "84"]
[EventDate "2010.08.04"]
[EventType "team"]
[EventRounds "6"]
[EventCountry "ESP"]
[WhiteTeam "Real Club Victoria"]
[BlackTeam "C.A. 64 Villalba"]

1. c4 Nf6 2. Nc3 e5 3. g3 Nc6 4. Bg2 g6 5. Nf3 Bg7 6. O-O O-O 7. d3 h6 8. Rb1
a5 9. a3 d6 10. Nd2 Nd7 11. Nb3 a4 12. Na1 Nc5 13. Be3 Nd4 14. Nc2 c6 15. Bxd4
exd4 16. Ne4 Ne6 17. Nd2 f5 18. Nf3 f4 19. b3 axb3 20. Rxb3 g5 21. Nd2 g4 22.
Ne4 Ra5 23. f3 h5 24. Qd2 Raf5 25. Qb4 Be5 26. Rbb1 d5 27. cxd5 cxd5 28. fxg4
hxg4 29. gxf4 Nxf4 30. Ng3 Qh4 31. Qe1 Rh5 32. Bxd5+ Nxd5 33. Rxf8+ Kxf8 34.
Qf2+ Nf4 35. Nxh5 Qxh5 36. Rb5 Bf5 37. Kh1 Nh3 38. Qg2 Bd7 39. Rxb7 Qh6 40.
Qf1+ Ke8 41. e4 dxe3 42. Rxd7 Nf2+ 0-1

[Event "Campeonato de España por Equip"]
[Site "Granada, Hotel Corona de Grana"]
[Date "2010.08.07"]
[Round "5"]
[White "RENTERIA, Jorge"]
[Black "GUTIERREZ OLIVARES, Daniel"]
[Result "1-0"]
[WhiteElo "2263"]
[BlackElo "2167"]
[PlyCount "69"]
[EventDate "2010.08.04"]
[EventType "team"]
[EventRounds "6"]
[EventCountry "ESP"]
[WhiteTeam "C.A. 64 Villalba"]
[BlackTeam "Real Club Victoria"]

1. d4 Nf6 2. c4 e6 3. Nf3 b6 4. g3 Bb7 5. Bg2 Be7 6. O-O O-O 7. Nc3 Ne4 8. Qc2
Nxc3 9. Qxc3 c5 10. Qc2 f5 11. d5 exd5 12. Ne1 Na6 13. cxd5 Nb4 14. Qd1 Bd6 15.
a3 Na6 16. Nc2 Nc7 17. b4 Qf6 18. Rb1 Ba6 19. Bb2 Qg6 20. Re1 f4 21. e4 fxe3
22. fxe3 Bd3 23. e4 Bxc2 24. Qxc2 cxb4 25. axb4 Na6 26. Bc3 Rac8 27. Qd2 Nc7
28. e5 Nb5 29. Be4 Qg4 30. Ba1 Rc4 31. Qd3 Na3 32. exd6 Rc2 33. Qxa3 Rd2 34.
Qc3 Rff2 35. Rf1 1-0

[Event "Campeonato de España por Equip"]
[Site "Granada, Hotel Corona de Grana"]
[Date "2010.08.07"]
[Round "5"]
[White "ALSO ALVARADO, Luis"]
[Black "RODRIGUEZ YUSTE, Marcelo"]
[Result "1/2-1/2"]
[WhiteElo "2164"]
[BlackElo "2228"]
[PlyCount "66"]
[EventDate "2010.08.04"]
[EventType "team"]
[EventRounds "6"]
[EventCountry "ESP"]
[WhiteTeam "Real Club Victoria"]
[BlackTeam "C.A. 64 Villalba"]

1. d4 d5 2. Nf3 e6 3. c4 f5 4. cxd5 exd5 5. Nc3 Nf6 6. Bg5 c6 7. e3 Be7 8. Ne5
O-O 9. Bd3 Ne4 10. Bxe7 Qxe7 11. O-O Nd7 12. f4 Rf6 13. Bxe4 fxe4 14. Ng4 Rf8
15. Ne5 Nxe5 16. fxe5 Be6 17. Qb3 h5 18. Rxf8+ Rxf8 19. Rf1 h4 20. Rxf8+ Kxf8
21. h3 b6 22. Qd1 Qg5 23. Qf1+ Ke7 24. Qf4 Qxf4 25. exf4 c5 26. Ne2 Bd7 27. Kf2
g6 28. Ke3 Ke6 29. g3 hxg3 30. Nxg3 Ke7 31. h4 Bg4 32. f5 Bxf5 33. h5 Bg4
1/2-1/2

[Event "Campeonato de España por Equip"]
[Site "Granada, Hotel Corona de Grana"]
[Date "2010.08.07"]
[Round "5"]
[White "DE LOS SANTOS HONRUBIA, Maria"]
[Black "RODRIGUEZ PEREZ, David"]
[Result "0-1"]
[WhiteElo "2012"]
[BlackElo "2039"]
[PlyCount "80"]
[EventDate "2010.08.04"]
[EventType "team"]
[EventRounds "6"]
[EventCountry "ESP"]
[WhiteTeam "C.A. 64 Villalba"]
[BlackTeam "Real Club Victoria"]

1. e4 c5 2. Nf3 d6 3. d4 cxd4 4. Nxd4 Nf6 5. Nc3 g6 6. Nde2 Nc6 7. g3 Bg7 8.
Bg2 O-O 9. O-O Bd7 10. h3 Ne5 11. a4 Qa5 12. Ra2 Rfc8 13. Kh2 Nc6 14. Be3 Qh5
15. Bf4 g5 16. Bc1 Be6 17. Ra1 Ne5 18. Nd4 Bg4 19. Qd2 Rc4 20. Nce2 Bxe2 21.
Nxe2 Nf3+ 22. Bxf3 Qxf3 23. Qd3 Qxe4 24. Bxg5 Rxc2 25. Nf4 Qxd3 26. Nxd3 h6 27.
Bxf6 Bxf6 28. Rab1 Rac8 29. b4 Ra2 30. a5 Rcc2 31. Kg2 Bd4 32. Rbd1 e5 33. Kf3
f5 34. Kg2 Rd2 35. Rxd2 Rxd2 36. Nc1 Bc3 37. b5 Rd5 38. a6 Rxb5 39. axb7 Rxb7
40. Rd1 Rb1 0-1